Statistics for Lyrics to Canyon Moon by Harry Styles

Click here to take the quiz!

General Stats

  • This quiz has been taken 1,124 times
  • The average score is 188 of 220

Answer Stats

Canyon Moon% Correct
I
99%
canyon
98%
moon
98%
to
98%
a
97%
the
97%
Verse 2The
97%
Go
96%
under
95%
be
94%
time
94%
An
93%
back
93%
so
93%
So
93%
and
92%
And
92%
never
92%
thinking
92%
keep
90%
blue
88%
from
88%
home
88%
it
87%
heard
86%
i'm
86%
ChorusI'm
86%
do
85%
going
85%
sky
85%
you
85%
RefrainI'll
84%
see
84%
get
83%
kids
83%
looked
83%
oh
83%
school
83%
believe
81%
Verse 1Gotta
81%
hard
81%
always
80%
Jenny
79%
what
79%
I've
78%
saying
78%
too
78%
long
77%
gone
76%
in
76%
she
76%
that's
76%
leave
75%
music
75%
Paris
75%
Rome
75%
songs
75%
two
75%
weeks
75%
words
75%
through
74%
know
73%
conversation
72%
plays
72%
all
71%
feeling
71%
not
71%
pretends
71%
yellow
71%
broken
70%
Carry
70%
old
70%
Verse 4Quick
70%
pause
69%
hippie
68%
lover's
68%
waitin'
67%
at
66%
still
66%
Verse 3Staring
64%
ceiling
62%
door's
61%
world's
58%
happy
56%

Score Distribution

Percentile by Number Answered

Percent of People with Each Score

Your Score History

You have not taken this quiz